Countries of the World but only flags that have red. - Statistics

General Stats
  • This quiz has been taken 71 times
  • The average score is 105 of 155
Answers on the Map
Answers color-coded by a green-red scale on the quiz's map according to % correct below.
 
Answer Stats
Country % Correct
Canada
92%
China
88%
Egypt
88%
Japan
88%
Turkey
88%
United States
88%
Colombia
83%
Cuba
83%
France
83%
Germany
83%
Indonesia
83%
Mexico
83%
New Zealand
83%
North Korea
83%
Peru
83%
Portugal
83%
Spain
83%
United Kingdom
83%
Vietnam
83%
Afghanistan
79%
Australia
79%
Italy
79%
Mongolia
79%
Morocco
79%
Poland
79%
Russia
79%
South Korea
79%
Switzerland
79%
Thailand
79%
Yemen
79%
Albania
75%
Algeria
75%
Austria
75%
Dominican Republic
75%
Georgia
75%
Haiti
75%
Hungary
75%
Iceland
75%
Nepal
75%
Oman
75%
Romania
75%
South Africa
75%
Sudan
75%
Angola
71%
Armenia
71%
Bahrain
71%
Belarus
71%
Bulgaria
71%
Chile
71%
Costa Rica
71%
Czech Republic
71%
Denmark
71%
Dominica
71%
Ecuador
71%
Iran
71%
Iraq
71%
Laos
71%
Libya
71%
Netherlands
71%
Norway
71%
Panama
71%
Papua New Guinea
71%
Philippines
71%
Qatar
71%
Serbia
71%
Syria
71%
Taiwan
71%
Trinidad and Tobago
71%
Tunisia
71%
United Arab Emirates
71%
Venezuela
71%
Azerbaijan
67%
Bangladesh
67%
Belgium
67%
Bolivia
67%
Cambodia
67%
Central African Republic
67%
Chad
67%
Democratic Republic of the Congo
67%
Fiji
67%
Guyana
67%
Jordan
67%
Kenya
67%
Kuwait
67%
Latvia
67%
Liberia
67%
Lithuania
67%
Luxembourg
67%
Malaysia
67%
Paraguay
67%
Slovakia
67%
Slovenia
67%
Turkmenistan
67%
Uganda
67%
Zambia
67%
Zimbabwe
67%
Belize
63%
Croatia
63%
Eswatini
63%
Ethiopia
63%
Gambia
63%
Guinea
63%
Kyrgyzstan
63%
Liechtenstein
63%
Madagascar
63%
Mauritania
63%
Mauritius
63%
Moldova
63%
Monaco
63%
Montenegro
63%
Saint Kitts and Nevis
63%
Samoa
63%
Seychelles
63%
South Sudan
63%
Tajikistan
63%
Togo
63%
Tonga
63%
Tuvalu
63%
Uzbekistan
63%
Andorra
58%
Antigua and Barbuda
58%
Benin
58%
Burkina Faso
58%
Cameroon
58%
Djibouti
58%
Ghana
58%
Grenada
58%
Maldives
58%
Mali
58%
Mozambique
58%
Myanmar
58%
Namibia
58%
North Macedonia
58%
Republic of the Congo
58%
Suriname
58%
Vanuatu
58%
Eritrea
54%
Guinea-Bissau
54%
Kiribati
54%
Lebanon
54%
Singapore
54%
Sri Lanka
54%
Burundi
50%
Cape Verde
50%
East Timor
50%
Equatorial Guinea
50%
Malawi
50%
Malta
50%
Marshall Islands
50%
Senegal
50%
Brunei
46%
Comoros
46%
Bhutan
42%
São Tomé and Príncipe
42%
Vatican City
42%
No matching quizzes found
Score Distribution
Percent of People with Each Score
Percentile by Number Answered
Your Score History
You have not taken this quiz